O učiteľoch a ľuďoch /
Uložené v:
| Hlavní autori: | , |
|---|---|
| Médium: | Kniha |
| Jazyk: | Slovak |
| Vydané: |
Levice :
Vydavateľstvo L.C.A.,
2003
|
| Vydanie: | 1. vyd. |
| Edícia: | Pôvodná tvorba
|
| Témy: | |
| ISBN: |
8089129072 (brož.) |
| Fyzický popis: |
120 s. : ilustr. ; 19 cm |
| Tagy: |
Pridať tag
Žiadne tagy, Buďte prvý kto otaguje tento záznam!
|
Titul je dostupný aj v ... 

MARC
| LEADER | 00000nam a2200000 a 4500 | ||
|---|---|---|---|
| 001 | 000000533 | ||
| 003 | SVKK | ||
| 005 | 20040531124616.0 | ||
| 008 | 040310s2003 xo a e 000 1 sloo | ||
| 020 | |a 8089129072 (brož.) | ||
| 040 | |a SVKKK |b slo |c SVKKK |e AACR2 | ||
| 041 | 0 | |a slo | |
| 044 | |a xo |c SK | ||
| 072 | 7 | |a 821.162.4-3 |x Slovenská próza |2 konspekt | |
| 080 | |a 821.162.4-32 |2 1997 | ||
| 080 | |a (0:82-32) |2 1997 | ||
| 100 | 1 | |a Bakoš, Oliver, |d 1953- |7 ma200001654 |4 aut | |
| 245 | 1 | 0 | |a O učiteľoch a ľuďoch / |c Oliver Bakoš |
| 250 | |a 1. vyd. | ||
| 260 | |a Levice : |b Vydavateľstvo L.C.A., |c 2003 | ||
| 300 | |a 120 s. : |b ilustr. ; |c 19 cm | ||
| 440 | 0 | |a Pôvodná tvorba | |
| 500 | |a Ilustr. na front. | ||
| 500 | |a Obálka a ilustr. Milan Prekop | ||
| 655 | 7 | |a slovenské poviedky |2 SVKKKPH | |
| 655 | 7 | |a umelecká literatúra |2 SVKKKPH | |
| 700 | 1 | |a Prekop, Milan |4 aut | |
| 919 | |a 80-89129-07-2 | ||
| 998 | |a BK | ||
| 090 | |g SCKHL |k Sklad Hlavná 10 prízemie |a I.72776 |j 959974 |i 2720021076 |s Absenčne | ||